The Role of Seasonality and Monetary Policy in Inflation Forecasting /

Adequate modeling of the seasonal structure of consumer prices is essential for inflation forecasting. This paper suggests a new econometric approach for jointly determining inflation forecasts and monetary policy stances, particularly where seasonal fluctuations of economic activity and prices are...

全面介紹

書目詳細資料
主要作者: Kumah, Francis
格式: 雜誌
語言:English
出版: Washington, D.C. : International Monetary Fund, 2006.
叢編:IMF Working Papers; Working Paper ; No. 2006/175
在線閱讀:Full text available on IMF
LEADER 02227cas a2200241 a 4500
001 AALejournalIMF009097
008 230101c9999 xx r poo 0 0eng d
020 |c 5.00 USD 
020 |z 9781451864359 
022 |a 1018-5941 
040 |a BD-DhAAL  |c BD-DhAAL 
100 1 |a Kumah, Francis. 
245 1 4 |a The Role of Seasonality and Monetary Policy in Inflation Forecasting /  |c Francis Kumah. 
264 1 |a Washington, D.C. :  |b International Monetary Fund,  |c 2006. 
300 |a 1 online resource (27 pages) 
490 1 |a IMF Working Papers 
500 |a <strong>Off-Campus Access:</strong> No User ID or Password Required 
500 |a <strong>On-Campus Access:</strong> No User ID or Password Required 
506 |a Electronic access restricted to authorized BRAC University faculty, staff and students 
520 3 |a Adequate modeling of the seasonal structure of consumer prices is essential for inflation forecasting. This paper suggests a new econometric approach for jointly determining inflation forecasts and monetary policy stances, particularly where seasonal fluctuations of economic activity and prices are pronounced. In an application of the framework, the paper characterizes and investigates the stability of the seasonal pattern of consumer prices in the Kyrgyz Republic and estimates optimal money growth and implied exchange rate paths along with a jointly determined inflation forecast. The approach uses two broad specifications of an augmented error-correction model-with and without seasonal components. Findings from the paper confirm empirical superiority (in terms of information content and contributions to policymaking) of augmented error-correction models of inflation over single-equation, Box-Jenkins-type general autoregressive seasonal models. Simulations of the estimated errorcorrection models yield optimal monetary policy paths for achieving inflation targets and demonstrate the empirical significance of seasonality and monetary policy in inflation forecasting. 
538 |a Mode of access: Internet 
830 0 |a IMF Working Papers; Working Paper ;  |v No. 2006/175 
856 4 0 |z Full text available on IMF  |u http://elibrary.imf.org/view/journals/001/2006/175/001.2006.issue-175-en.xml  |z IMF e-Library